000 00316nam a2200133Ia 4500
008 150301s2008 xx 000 0 und d
082 _a157.7
_bT08R
100 _aRYCKMAN, RICHERD M
245 _aTHEORIES OF PERSONALTY
250 _a9TH
260 _bTHOMSON
_aAUSTRELIA
_c2008
300 _a711
942 _2ddc
_cBK
_02
999 _c6702
_d6702